000 00800nam a2200205 a 4500
001 000948315
003 AM-YeHGA
005 20250617145852.0
008 130226s1895 ||| r 000 0 rus d
040 _aAM-YeHGA
041 1 _arus
_hfre
100 1 _aЛакомб, Поль
_d1834-1919
245 1 0 _aСоциологические основы истории П. Лакомба /
_cПер. с фр. под ред. Р.И. Сементковского.
260 _aСанкт-Петербург :
_bФ. Павленков,
_c1895.
300 _a358 с.
440 0 _aПопулярно-научная библиотека
653 0 _aИстория как наука
700 1 _aСементковский, Ростислав Иванович
_d1846-1918
_eред.
_4edt
090 _c321519
999 _c319784
_d319784